Web development (Record no. 5496)

MARC details
000 -LEADER
fixed length control field 00460nam a2200157Ia 4500
003 - CONTROL NUMBER IDENTIFIER
control field SGT
020 ## - INTERNATIONAL STANDARD BOOK NUMBER
International Standard Book Number 9789350142561
082 ## - DEWEY DECIMAL CLASSIFICATION NUMBER
Classification number 5.2
Item number SHA
100 ## - MAIN ENTRY--PERSONAL NAME
Personal name Sharma,Pankaj
245 ## - TITLE STATEMENT
Title Web development
260 ## - PUBLICATION, DISTRIBUTION, ETC. (IMPRINT)
Name of publisher, distributor, etc S.K. Kataria & SONS
Place of publication, distribution, etc N.Delhi
Year of Publication 2013
300 ## - PAGE DESCRIPTION
No. of Pages 470p.
650 ## - SUBJECT ADDED ENTRY--TOPICAL TERM
Topical term or geographic name as entry element COMPUTER NETWORKS
653 ## - KEYWORDS--INDEX TERM
Keyword term INTRODUCTION TO JAVA, CLASS,OBJECT AND METHODS IN JAVA, ARRAYS,INHERITANCE AND POLYMORPHISM, INTRODUCTION TO INTERNET(WWW),
942 ## - ADDED ENTRY ELEMENTS (KOHA)
Source of classification or shelving scheme Dewey Decimal Classification
Koha item type Books
Holdings
Withdrawn status Lost status Source of classification or shelving scheme Damaged status Use restrictions Not for loan Collection code Home library Current library Shelving location Date acquired SGTU Full call number Accession No. (Barcode) Date last seen Bill Date Koha item type
    Dewey Decimal Classification   Restricted Access Not For Loan ENGINEERING SGT Engineering Library SGT Engineering Library Reference Book 19/03/2013 SGTU 5.2 SHA FE5654 09/02/2015 09/02/2015 Books